| 000 | 01301pab a2200217 454500 | ||
|---|---|---|---|
| 008 | 180718b2004 xxu||||| |||| 00| 0 eng d | ||
| 100 | _aParikh, Alka | ||
| 245 | _aGender budgeting analysis: a study in Maharashtra's agriculture | ||
| 260 | _c2004 | ||
| 300 | _ap.4823-830. | ||
| 362 | _a30 Oct | ||
| 520 | _aThis paper attempts to examine some basic data on women in agriculture and analyses the state budgets of Maharashtra, for the period 1998 to 2002, for their impact on women. It finds that most policies in the plans and budgets of the agriculture and allied sectors do not create positive boosts for women workers, in terms of creating special opportunities, being gender sensitive, or ensuring equitable intra-household distribution of benefits. At the same time, there is no clear evidence of policies creating an adverse impact on women, possibly because negative effects might not yet be fully known or understood within the existing knowledge base. - Reproduced. | ||
| 650 | _aAgriculture - India - Maharashtra | ||
| 650 | _aBudget - India - Maharashtra | ||
| 650 | _aWomen in agriculture - India - Maharashtra | ||
| 650 | _aWomen in agriculture | ||
| 700 | _aKrishnaraj, Maithereyi | ||
| 700 | _aAcharya, Sarthi | ||
| 773 | _aEconomic and Political Weekly | ||
| 909 | _a63141 | ||
| 999 |
_c63141 _d63141 |
||